2022 NA Valorant Rosters - Statistics

General Stats
  • This quiz has been taken 683 times
  • The average score is 23 of 50
Answer Stats
Hint Answer % Correct
SENJett TenZ
98%
SENSova (IGL) ShahZam
89%
SENSentinel dapr
82%
SENFlex SicK
82%
SENSmokes zombs
80%
100TDuelist Asuna
79%
NVJett yay
74%
NRGJett s0m
71%
NVSentinel FNS
69%
100TSova Hiko
68%
NVSmokes Marved
66%
NVSova crashies
64%
NVFlex Victor
63%
C9Jett leaf
57%
C9Smokes (IGL) vanity
57%
100TFlex Ethan
55%
V1Flex Zellsis
55%
GENSentinel? Shawn
53%
XSETFlex zekken
53%
XSETJett Cryocells
52%
RiseJett Shanks
51%
C9Flex Xeppaa
48%
XSETSmokes (IGL) dephh
45%
RiseSova Derrek
45%
XSETSova BcJ
42%
C9Sentinel mitch
42%
NRGSmokes (IGL) hazed
40%
100TSentinel BabyJ
39%
XSETSentinel AYRIN
38%
NRGFlex tex
38%
C9Sova xeta
38%
NRGSova eeiu
37%
V1Jett penny
36%
V1Smokes (IGL) zander
35%
100TSmokes (IGL) ec1s
32%
RiseSmokes supamen
32%
AKREWFlex Kanpeki
31%
V1Sentinel wippie
28%
RiseSentinel (IGL) POISED
27%
V1Sova effys
25%
NRGSentinel ANDROID
23%
RiseFlex neptune
22%
AKREWSentinel (IGL) C0M
19%
AKREWSova Paincakes
19%
AKREWJett Neon
17%
GENSmokes gMd
16%
GENJett NaturE
16%
AKREWSmokes gucc107
13%
GENFlex rhyme
12%
GENSova koosta
11%
No matching quizzes found
Score Distribution
Percent of People with Each Score
Percentile by Number Answered
Your Score History
You have not taken this quiz